| 000 -LEADER |
| fixed length control field |
01603nam a2200361 i 4500 |
| 003 - CONTROL NUMBER IDENTIFIER |
| control field |
OSt |
| 005 - DATE AND TIME OF LATEST TRANSACTION |
| control field |
20230120162915.0 |
| 008 - FIXED-LENGTH DATA ELEMENTS--GENERAL INFORMATION |
| fixed length control field |
170518s2017 nyua j 000 1 eng d |
| 020 ## - INTERNATIONAL STANDARD BOOK NUMBER |
| International Standard Book Number |
9781419721366 |
| 040 ## - CATALOGING SOURCE |
| Original cataloging agency |
FMG |
| Language of cataloging |
eng |
| Description conventions |
rda |
| Transcribing agency |
FMG |
| Modifying agency |
FMG |
| -- |
OCLCO |
| -- |
NZD |
| -- |
VIA |
| -- |
CaOL |
| -- |
KH8 |
| 082 ## - DEWEY DECIMAL CLASSIFICATION NUMBER |
| Classification number |
FIC LAR |
| 100 1# - MAIN ENTRY--PERSONAL NAME |
| Personal name |
LaReau, Kara, |
| Relator term |
author. |
| 245 14 - TITLE STATEMENT |
| Title |
The unintentional adventures of the Bland Sisters. |
| Number of part/section of a work |
1, |
| Name of part/section of a work |
The Jolly Regina / |
| Statement of responsibility, etc. |
by Kara LaReau ; illustrated by Jen Hill. |
| 246 30 - VARYING FORM OF TITLE |
| Title proper/short title |
Adventures of the Bland Sisters. |
| Number of part/section of a work |
1, |
| Name of part/section of a work |
The Jolly Regina. |
| 246 30 - VARYING FORM OF TITLE |
| Title proper/short title |
Bland Sisters. |
| Number of part/section of a work |
1, |
| Name of part/section of a work |
The Jolly Regina. |
| 246 30 - VARYING FORM OF TITLE |
| Title proper/short title |
Jolly Regina. |
| 264 #1 - PRODUCTION, PUBLICATION, DISTRIBUTION, MANUFACTURE, AND COPYRIGHT NOTICE |
| Place of production, publication, distribution, manufacture |
New York : |
| Name of producer, publisher, distributor, manufacturer |
Amulet Books, |
| Date of production, publication, distribution, manufacture, or copyright notice |
[2017] |
| 300 ## - PHYSICAL DESCRIPTION |
| Extent |
157 pages : |
| Other physical details |
illustrations ; |
| Dimensions |
20 cm. |
| 336 ## - CONTENT TYPE |
| Content type term |
text |
| Source |
rdacontent. |
| 337 ## - MEDIA TYPE |
| Media type term |
unmediated |
| Source |
rdamedia. |
| 338 ## - CARRIER TYPE |
| Carrier type term |
volume |
| Source |
rdacarrier. |
| 490 1# - SERIES STATEMENT |
| Series statement |
Unintentional adventures of the Bland Sisters ; |
| Volume/sequential designation |
1. |
| 520 ## - SUMMARY, ETC. |
| Summary, etc. |
"Meet Jaundice and Kale Bland, two sisters who avoid excitement at any cost. One day, the Bland sisters are kidnapped by an all-female band of pirates. They're unwillingly swept into a high-seas romp that might just lead to solving the mystery of what happened to their missing parents"--Provided by publisher. |
| 650 #0 - SUBJECT ADDED ENTRY--TOPICAL TERM |
| Topical term or geographic name entry element |
Sisters |
| Form subdivision |
Juvenile fiction. |
| 650 #0 - SUBJECT ADDED ENTRY--TOPICAL TERM |
| Topical term or geographic name entry element |
Pirates |
| Form subdivision |
Juvenile fiction. |
| 650 #0 - SUBJECT ADDED ENTRY--TOPICAL TERM |
| Topical term or geographic name entry element |
Missing persons |
| Form subdivision |
Juvenile fiction. |
| 655 #7 - INDEX TERM--GENRE/FORM |
| Genre/form data or focus term |
Action and adventure fiction. |
| Source of term |
lcgft. |
| 655 #0 - INDEX TERM--GENRE/FORM |
| Genre/form data or focus term |
Sea stories. |
| 655 #0 - INDEX TERM--GENRE/FORM |
| Genre/form data or focus term |
Humorous fiction. |
| 700 1# - ADDED ENTRY--PERSONAL NAME |
| Personal name |
Hill, Jen, |
| Dates associated with a name |
1975- |
| Relator term |
illustrator. |
| 830 #0 - SERIES ADDED ENTRY--UNIFORM TITLE |
| Uniform title |
Unintentional adventures of the Bland sisters ; |
| Volume/sequential designation |
1. |
| 942 ## - ADDED ENTRY ELEMENTS (KOHA) |
| Source of classification or shelving scheme |
|
| Koha item type |
Books - Fiction |